00231nam a2200097Ia 4500008004100000100001400041245003600055260002500091300000800116650000900124191201s2019 xx 000 0 und d aNSE INDIA 0aCapital Market (Dealers) Module aN. DelhibNSE (NCFM) a180 aNCFM